00445nam a22001697a 450000500170000001000130001702000110003003500120004103700180005308200080007110000370007924500480011624600410016425000090020526000300021430000310024420151109142452.0 aPUN-7803 c150.00 aPN-6921 aunistar books a851 aਕਰਮ ਸਿੰਘ ਕਰਮ aਨਹੀਂ ਰੁਕਦੇ ਦਰਿਆ / anahin Rukde dariabby R.deep awasthi a2012 aChandigarhbUnistar Books aPg.96b22cmਸਜਿਲਦ